000 004480000a22001810004500
003 MACL
005 20150712142344.0
008 150712b xxu||||| |||| 00| 0 eng d
040 _aMACL
_cMACL
041 _aEnglish
082 _a320/MAT
100 _aMathur, P.C.
_91905
245 _aSocial Bases Of Indian Politics
260 _bAalekh Publications
_c1984
_aJaipur
350 _a125
650 _aPolitical Science
_988
942 _cBK
_k320
_2ddc
999 _c6245
_d6245